000 00570nam a2200169Ia 4500
005 20241105143502.0
008 240126s9999 xx 000 0 und d
020 _a9780199697595
082 _a650 CRA;1 R
100 _aCrane, Andrew. Matten, Dirk.
245 0 _aBusiness ethics : managing corporate citizenship and sustainability in the age of globalization
260 _bOxford University Press
_aUnited Kingdom
_c2010
300 _axxv, 614
440 _aNULL
650 _aBusiness,ethics,corporate,citizenship,sustainability,age,globalization
942 _cPU
999 _c276031
_d276031